Statistics for Countries Most Similar To Rwanda

Click here to take the quiz!

General Stats

  • This quiz has been taken 13 times
  • The average score is 14 of 20

Answer Stats

RankCountryScore% Correct
1Burundi87.8
89%
12Kenya71.3
89%
9Republic of the Congo72.1
89%
2Uganda81.9
89%
16Angola69.7
78%
4Malawi74.2
78%
3Tanzania75.6
78%
7Zambia72.2
78%
11Zimbabwe71.6
78%
6Cameroon73.4
67%
5DRC73.7
67%
19Eswatini69.2
67%
15Ghana70.1
67%
20Lesotho69.1
67%
18South Sudan69.2
67%
8CAR72.1
56%
17Equatorial Guinea69.5
56%
14Nigeria70.4
56%
10Togo71.7
56%
13Ivory Coast71
44%

Score Distribution

Percentile by Number Answered

Percent of People with Each Score

Your Score History

You have not taken this quiz